[Event "TCh-TUR Super League 2018"]
[Site "Ankara TUR"]
[Date "2018.07.25"]
[Round "1.1.1"]
[White "Mamedov, Rauf"]
[Black "Rakhmanov, Aleksandr"]
[Result "1/2-1/2"]
[WhiteTitle "GM"]
[BlackTitle "GM"]
[WhiteElo "2708"]
[BlackElo "2627"]
[WhiteTeam "BESIKTAS JIMNASTIK KULUBU"]
[BlackTeam "ROTA KOLEJI SPOR KULUBU DERNEGI"]
[WhiteFideId "13401653"]
[BlackFideId "4173708"]
[EventDate "2018.07.25"]

1. e4 e5 2. Nf3 Nf6 3. Nxe5 d6 4. Nc4 Nxe4 5. Qe2 Qe7 6. Ne3 Nf6 7. b3 Nbd7 8.
Bb2 c6 9. g3 g6 10. Bh3 Bg7 11. Nc4 Qxe2+ 12. Kxe2 Ke7 13. Re1 Nb6 14. Kf1+ Be6
15. Na5 Rab8 16. c4 Kd7 17. Bxe6+ fxe6 18. c5 dxc5 19. Be5 Nh5 20. Nc3 Bxe5 21.
Rxe5 Nd5 22. Rae1 Ng7 23. Nc4 b6 24. R5e2 Rhf8 25. Ne4 Rbe8 26. Kg2 Nf5 27. f4
Nd4 28. Rf2 Re7 29. Ng5 Kc7 30. Ne5 a5 31. Nef3 Rfe8 32. Nxd4 cxd4 33. Rfe2 Kd7
34. a4 Nb4 35. Ne4 Rf8 36. Nf2 c5 37. h4 Nc6 38. Nd3 Kd6 39. Nb2 Rb8 40. Nc4+
Kd7 41. Rc1 Nb4 42. Ne5+ Kc7 43. Re4 Rd8 44. Rh1 Nd5 45. Nd3 Nf6 46. Re2 Rde8
47. Rhe1 Nd7 48. Re4 Kc6 49. Nb2 Kd5 50. Nc4 Rb8 51. Na3 Rbe8 52. Nc4 e5 53. d3
Re6 54. Kf3 R8e7 55. R1e2 Re8 56. Re1 R8e7 1/2-1/2

[Event "TCh-TUR Super League 2018"]
[Site "Ankara TUR"]
[Date "2018.07.25"]
[Round "1.1.6"]
[White "Kilic, Efe Mert"]
[Black "Gledura, Benjamin"]
[Result "0-1"]
[WhiteTitle "FM"]
[BlackTitle "GM"]
[WhiteElo "2317"]
[BlackElo "2626"]
[WhiteTeam "ROTA KOLEJI SPOR KULUBU DERNEGI"]
[BlackTeam "BESIKTAS JIMNASTIK KULUBU"]
[WhiteFideId "6354327"]
[BlackFideId "712779"]
[EventDate "2018.07.25"]

1. e4 c5 2. Nf3 Nc6 3. b3 e6 4. Bb2 a6 5. Nc3 Qc7 6. Qe2 Nf6 7. O-O-O d6 8. d4
cxd4 9. Nxd4 Nxd4 10. Rxd4 Be7 11. Kb1 O-O 12. g4 e5 13. Rc4 Qd8 14. g5 Nd7 15.
Nd5 Bxg5 16. Rg1 Bh6 17. f4 f6 18. Rc7 exf4 19. Qh5 Kh8 20. Bh3 Ne5 21. Bxc8
Rxc8 22. Rxb7 Qe8 23. Nxf4 Qc6 24. Rbxg7 Qxc2+ 25. Ka1 Bxg7 26. Bxe5 Qxe4 27.
Ng6+ Kg8 28. Ne7+ Kh8 29. Ng6+ Qxg6 30. Rxg6 dxe5 31. Rg3 f5 32. Rh3 e4+ 33. Kb1
h6 34. Qg6 Rc7 35. Qd6 Rcf7 36. Qf4 Rc8 37. Rxh6+ Bxh6 38. Qxh6+ Kg8 39. Qg6+
Kf8 40. Qd6+ Kg7 41. Qg3+ Kh8 42. Qe5+ Kh7 43. h4 Rcc7 44. h5 Rce7 45. Qd6 e3
46. Qg6+ Kh8 47. Qh6+ Kg8 48. Qg6+ Rg7 49. Qxf5 e2 50. Qc8+ Kh7 51. Qf5+ Kh6 52.
Qf6+ Kxh5 53. Qf3+ Rg4 54. Qf5+ Rg5 55. Qf3+ Kg6 56. Qd3+ Rf5 57. Qxa6+ Kh5 0-1

[Event "TCh-TUR Super League 2018"]
[Site "Ankara TUR"]
[Date "2018.07.25"]
[Round "1.2.1"]
[White "Nihal, Sarin"]
[Black "Kravtsiv, Martyn"]
[Result "1/2-1/2"]
[WhiteTitle "IM"]
[BlackTitle "GM"]
[WhiteElo "2551"]
[BlackElo "2654"]
[WhiteTeam "GENC AKADEMISYENLER EGITIM KULTUR VE ARASTIRMA KULUBU"]
[BlackTeam "KARAMAN BELEDIYE SPOR KULUBU"]
[WhiteFideId "25092340"]
[BlackFideId "14113147"]
[EventDate "2018.07.25"]

1. d4 Nf6 2. c4 e6 3. Nc3 Bb4 4. Qc2 O-O 5. Nf3 c5 6. dxc5 Na6 7. g3 Nxc5 8. Bg2
Nce4 9. O-O Bxc3 10. bxc3 Qc7 11. Nd4 d5 12. cxd5 exd5 13. Bf4 Qc5 14. Rac1 Bd7
15. Qb3 b6 16. f3 Nd6 17. Qb4 Nc4 18. Qxc5 bxc5 19. Nb3 Rac8 20. Nd2 Bb5 21.
Nxc4 Bxc4 22. Rc2 Rfe8 23. Kf2 Rc6 24. Bh3 h6 25. Rb1 Ra6 26. Be3 Rb6 27. Rbc1
Rc6 28. Rb1 g5 29. Bf5 Kg7 30. g4 Rc7 31. h4 Nh7 32. hxg5 Nxg5 33. Rh1 a6 34.
Bf4 Rb7 35. e3 Bb5 36. Rd2 Bd7 37. Rxd5 Bc6 38. Rd6 Rb2+ 39. Kg3 Bxf3 40. Rhxh6
Ne4+ 41. Bxe4 Bxe4 42. Rh2 Rxh2 43. Kxh2 a5 44. Ra6 Ra8 45. Be5+ Kh7 46. Rf6 Re8
47. Rxf7+ Kg6 48. Rg7+ Kh6 49. Bf6 Bb1 50. Ra7 Rxe3 51. Rxa5 Kg6 52. Ra6 Bxa2
53. g5 Be6 54. Kg2 Bd5+ 55. Kf2 Rf3+ 56. Ke1 Rf1+ 57. Kd2 Rf2+ 58. Ke1 Rf1+ 59.
Kxf1 1/2-1/2

[Event "TCh-TUR Super League 2018"]
[Site "Ankara TUR"]
[Date "2018.07.25"]
[Round "1.2.2"]
[White "Baryshpolets, Andrey"]
[Black "Koksal, Ege"]
[Result "1-0"]
[WhiteTitle "GM"]
[BlackTitle "IM"]
[WhiteElo "2603"]
[BlackElo "2378"]
[WhiteTeam "KARAMAN BELEDIYE SPOR KULUBU"]
[BlackTeam "GENC AKADEMISYENLER EGITIM KULTUR VE ARASTIRMA KULUBU"]
[WhiteFideId "14117207"]
[BlackFideId "6317626"]
[EventDate "2018.07.25"]

1. d4 Nf6 2. c4 e6 3. Nc3 d5 4. Nf3 c6 5. e3 Nbd7 6. Qc2 Bd6 7. Bd3 O-O 8. O-O
Qe7 9. c5 Bc7 10. e4 dxe4 11. Nxe4 h6 12. Ng3 Re8 13. Re1 Qf8 14. Bd2 Nd5 15.
Rac1 e5 16. Nf5 exd4 17. Rxe8 Qxe8 18. Re1 Qf8 19. b4 N7f6 20. N3xd4 Bxf5 21.
Nxf5 Re8 22. Qd1 Rxe1+ 23. Qxe1 Qe8 24. Qxe8+ Nxe8 25. g3 Kf8 26. Kf1 Be5 27.
Bc4 Nef6 28. Ke2 h5 29. h3 g6 30. Ne3 Nxe3 31. Kxe3 Ke7 32. Kd3 Nd7 33. Be3 Bc7
34. Bb3 a5 35. a3 axb4 36. axb4 Ne5+ 37. Kc3 f6 38. Bc2 Kf7 39. Bb3+ Ke7 40. Bd1
Kf7 41. Kd4 Nd7 42. Bf3 Ne5 43. Bg2 Ke7 44. b5 Kd7 45. b6 Bd8 46. Be4 Ke6 47. f4
f5 48. Bd5+ cxd5 49. fxe5 h4 50. Bf2 hxg3 51. Bxg3 g5 52. Bf2 g4 53. hxg4 fxg4
54. Bg3 Kd7 55. Kxd5 Be7 56. e6+ Kc8 57. Bd6 Bh4 58. c6 Bg5 59. e7 Bxe7 60. Bxe7
Kb8 61. Bd6+ Kc8 62. Bg3 1-0

[Event "TCh-TUR Super League 2018"]
[Site "Ankara TUR"]
[Date "2018.07.25"]
[Round "1.3.1"]
[White "Kuzubov, Yuriy"]
[Black "Cheparinov, Ivan"]
[Result "1-0"]
[WhiteTitle "GM"]
[BlackTitle "GM"]
[WhiteElo "2660"]
[BlackElo "2712"]
[WhiteTeam "TARSUS ZEKA SATRANC KULUBU"]
[BlackTeam "TURK HAVA YOLLARI (THY) SPOR KULUBU"]
[WhiteFideId "14112906"]
[BlackFideId "2905540"]
[EventDate "2018.07.25"]

1. d4 f5 2. g3 Nf6 3. Bg2 g6 4. Nf3 Bg7 5. O-O O-O 6. c4 d6 7. Nc3 c6 8. Qb3 Na6
9. Rd1 Kh8 10. Bf4 Nc7 11. d5 c5 12. Qc2 Qe8 13. Rab1 h6 14. a3 g5 15. Bc1 Bd7
16. b4 b6 17. bxc5 bxc5 18. h4 Ne4 19. Bb2 Kg8 20. Rdc1 Qf7 21. Ba1 g4 22. Ne1
Nxc3 23. Bxc3 f4 24. Rb7 Bf5 25. Qd2 fxg3 26. fxg3 Ne8 27. e4 Bxe4 28. Qe2 Bf3
29. Qxe7 Bxg2 30. Nxg2 Bxc3 31. Rxc3 Qxe7 32. Rxe7 Ng7 33. Nf4 Nf5 34. Re4 Rab8
35. Ne6 Rb1+ 36. Kg2 Rb2+ 37. Kg1 Rb1+ 38. Kf2 Ne3+ 39. Ke2 Rb2+ 40. Kd3 Rff2
41. Rxe3 1-0

[Event "TCh-TUR Super League 2018"]
[Site "Ankara TUR"]
[Date "2018.07.25"]
[Round "1.3.2"]
[White "Can, Emre"]
[Black "Mchedlishvili, Mikheil"]
[Result "1/2-1/2"]
[WhiteTitle "GM"]
[BlackTitle "GM"]
[WhiteElo "2605"]
[BlackElo "2608"]
[WhiteTeam "TURK HAVA YOLLARI (THY) SPOR KULUBU"]
[BlackTeam "TARSUS ZEKA SATRANC KULUBU"]
[WhiteFideId "6302181"]
[BlackFideId "13600966"]
[EventDate "2018.07.25"]

1. d4 Nf6 2. c4 g6 3. Nc3 d5 4. Nf3 Bg7 5. h4 c6 6. cxd5 cxd5 7. Bf4 Nc6 8. e3
O-O 9. Qb3 b6 10. Rc1 Bb7 11. Be2 Na5 12. Qa3 Nc4 13. Qb4 Rc8 14. O-O e6 15. Nb5
a5 16. Qb3 Ne4 17. Rc2 h6 18. Nc3 g5 19. hxg5 hxg5 20. Nxe4 gxf4 21. Neg5 Qf6
22. Bxc4 dxc4 23. Qxb6 Qg6 24. Rfc1 Rb8 25. Qxa5 fxe3 26. fxe3 Bh6 27. Kf2 Ra8
28. Qc7 Rfb8 29. Ne5 Qf5+ 30. Ngf3 Be4 31. Re2 Rc8 32. Qe7 Rxa2 33. g4 Qh7 34.
Rh1 c3 35. Nd7 Bxe3+ 36. Kxe3 Qxh1 37. Qg5+ Bg6 38. Nf6+ Kf8 39. Nd7+ Kg8 40.
Nf6+ Kf8 41. Nd7+ 1/2-1/2

[Event "TCh-TUR Super League 2018"]
[Site "Ankara TUR"]
[Date "2018.07.25"]
[Round "1.3.3"]
[White "Kerigan, Demre"]
[Black "Heberla, Bartlomiej"]
[Result "1/2-1/2"]
[WhiteTitle "IM"]
[BlackTitle "GM"]
[WhiteElo "2366"]
[BlackElo "2563"]
[WhiteTeam "TARSUS ZEKA SATRANC KULUBU"]
[BlackTeam "TURK HAVA YOLLARI (THY) SPOR KULUBU"]
[WhiteFideId "6307841"]
[BlackFideId "1115120"]
[EventDate "2018.07.25"]

1. e4 c5 2. Nc3 d6 3. Bb5+ Bd7 4. Bxd7+ Qxd7 5. f4 Nc6 6. Nf3 g6 7. O-O Bg7 8.
d3 Nf6 9. h3 Rb8 10. Qe1 b5 11. Be3 b4 12. Nd1 c4 13. e5 dxe5 14. fxe5 Nd5 15.
dxc4 Nxe3 16. Nxe3 Nxe5 17. Nxe5 Bxe5 18. Rd1 Qe6 19. Nd5 O-O 20. Kh1 Bxb2 21.
Qxe6 fxe6 22. Nxe7+ Kg7 23. Rfe1 Bc3 24. Rxe6 Rbe8 25. Re3 Rf6 26. Nf5+ Kf8 27.
Rxe8+ Kxe8 28. Nd6+ Kf8 29. Ne4 Ra6 30. Nxc3 bxc3 31. c5 Ke7 32. Rd3 Rxa2 33. c6
Ra6 34. Rd7+ Ke6 35. Rxh7 Rxc6 36. Rxa7 Kd5 37. Kg1 Rb6 38. Rc7 Kd4 39. Rd7+ Kc4
40. Rc7+ Kd4 41. Rd7+ Kc4 42. Rc7+ 1/2-1/2

[Event "TCh-TUR Super League 2018"]
[Site "Ankara TUR"]
[Date "2018.07.25"]
[Round "1.3.4"]
[White "Dastan, Muhammed Batuhan"]
[Black "Uysal, Burak"]
[Result "1-0"]
[WhiteTitle "GM"]
[WhiteElo "2552"]
[BlackElo "2185"]
[WhiteTeam "TURK HAVA YOLLARI (THY) SPOR KULUBU"]
[BlackTeam "TARSUS ZEKA SATRANC KULUBU"]
[WhiteFideId "6300014"]
[BlackFideId "6339387"]
[EventDate "2018.07.25"]

1. Nf3 d5 2. g3 Bg4 3. Bg2 Nd7 4. c4 e6 5. cxd5 exd5 6. O-O Ngf6 7. d3 Bc5 8.
Nc3 c6 9. Qb3 Bb6 10. Na4 O-O 11. Nxb6 axb6 12. Qc2 Re8 13. b3 Bxf3 14. Bxf3 Ne5
15. Bg2 d4 16. Bb2 Qd6 17. a3 h5 18. Qd2 Ng6 19. Rac1 b5 20. Rfe1 Red8 21. Qg5
h4 22. Qc5 Qd7 23. Rcd1 Qg4 24. Bf3 Qd7 25. Kg2 Ng4 26. Qg5 N4e5 27. Be4 f6 28.
Qf5 Ne7 29. Qh5 f5 30. Bf3 N7g6 31. Qg5 Nxf3 32. exf3 Kf7 33. Rd2 Re8 34. Rde2
Rxe2 35. Rxe2 Rh8 36. g4 h3+ 37. Kf1 fxg4 38. fxg4 Re8 39. Rxe8 Qxe8 40. Qf5+
Kg8 41. Bxd4 Nf8 42. f4 Ne6 43. Be3 Nc7 44. Kf2 Nd5 45. Bd4 Qe7 46. Qe5 Qd7 47.
f5 Nc7 48. Kg3 b6 49. b4 Nd5 50. Kxh3 Qf7 51. Kg3 Ne7 52. Bxb6 Nd5 53. Bd4 Nc7
54. h4 Kh8 55. h5 Kg8 56. h6 Ne8 57. hxg7 Nc7 58. Qf6 1-0

[Event "TCh-TUR Super League 2018"]
[Site "Ankara TUR"]
[Date "2018.07.25"]
[Round "1.3.8"]
[White "Shuvalova, Polina"]
[Black "Sahin, Hayrun Nisa"]
[Result "1-0"]
[WhiteTitle "WIM"]
[WhiteElo "2417"]
[BlackElo "1736"]
[WhiteTeam "TURK HAVA YOLLARI (THY) SPOR KULUBU"]
[BlackTeam "TARSUS ZEKA SATRANC KULUBU"]
[WhiteFideId "24171760"]
[BlackFideId "6380875"]
[EventDate "2018.07.25"]

1. e4 c5 2. Nf3 d6 3. Bb5+ Bd7 4. Bxd7+ Qxd7 5. c4 Nc6 6. Nc3 g6 7. d4 cxd4 8.
Nxd4 Bg7 9. Be3 Nf6 10. f3 O-O 11. O-O a6 12. Na4 Qc7 13. Nxc6 bxc6 14. Rc1 Nd7
15. b3 c5 16. Nc3 Bxc3 17. Rxc3 a5 18. a4 Rfb8 19. Bg5 Ne5 20. f4 Nc6 21. f5 Nd4
22. Rh3 f6 23. fxg6 hxg6 24. Qg4 Qc8 25. Qh4 Kf7 26. Bxf6 Nf5 27. exf5 exf6 28.
Qh7+ 1-0

[Event "TCh-TUR Super League 2018"]
[Site "Ankara TUR"]
[Date "2018.07.25"]
[Round "1.4.2"]
[White "Soylu, Suat"]
[Black "Triapishko, Alexandr"]
[Result "0-1"]
[WhiteTitle "IM"]
[BlackTitle "IM"]
[WhiteElo "2339"]
[BlackElo "2509"]
[WhiteTeam "GOKCEADA SPOR KULUBU"]
[BlackTeam "TAS DUVAR SPOR KULUBU DERNEGI"]
[WhiteFideId "6300065"]
[BlackFideId "14122286"]
[EventDate "2018.07.25"]

1. e4 c6 2. d4 d5 3. Nc3 dxe4 4. Nxe4 Bf5 5. Ng3 Bg6 6. h4 h6 7. Nf3 e6 8. Ne5
Bh7 9. Bd3 Bxd3 10. Qxd3 Nd7 11. Bf4 Nxe5 12. Bxe5 Qa5+ 13. c3 Nf6 14. Ne4 O-O-O
15. Qf3 Nxe4 16. Qxe4 Qd5 17. Qxd5 Rxd5 18. O-O-O b5 19. Rhe1 Kd7 20. Kc2 Be7
21. g3 f6 22. Bf4 h5 23. Be3 Bd6 24. Ra1 a5 25. b3 Rf5 26. a4 b4 27. c4 g5 28.
Rh1 g4 29. Rad1 Rf3 30. Rd3 f5 31. d5 cxd5 32. cxd5 e5 33. Rhd1 Rc8+ 34. Kd2 e4
35. Rd4 Rc3 36. Rc4 Bxg3 37. Rxc3 bxc3+ 38. Ke2 Bd6 0-1

[Event "TCh-TUR Super League 2018"]
[Site "Ankara TUR"]
[Date "2018.07.25"]
[Round "1.5.1"]
[White "Zhigalko, Sergei"]
[Black "Ali Marandi, Cemil Can"]
[Result "1/2-1/2"]
[WhiteTitle "GM"]
[BlackTitle "GM"]
[WhiteElo "2616"]
[BlackElo "2540"]
[WhiteTeam "KAHRAMANMARAS BUYUKSEHIR BELEDIYESI GENCLIK VE SPOR KULUBU DERNEGI"]
[BlackTeam "BURSA BUYUKSEHIR BELEDIYESPOR KULUBU"]
[WhiteFideId "13502956"]
[BlackFideId "6300529"]
[EventDate "2018.07.25"]

1. e4 e5 2. Nf3 Nc6 3. Bb5 f5 4. d3 fxe4 5. dxe4 Nf6 6. O-O Bc5 7. Bc4 d6 8. Nc3
h6 9. Be3 Bxe3 10. fxe3 Na5 11. Qd3 Nxc4 12. Qxc4 Qd7 13. Nd5 Nxd5 14. exd5 O-O
15. h3 b5 16. Qd3 Bb7 17. Nh4 c6 18. Qg6 cxd5 19. Nf5 Kh8 20. Nxd6 Kg8 21. Nf5
Kh8 22. Nd6 Kg8 23. Nxb7 Qxb7 24. Qe6+ Kh8 25. Qxe5 Rfe8 26. Qg3 Qb6 27. Rf3 d4
28. Re1 Re6 29. Qf2 Rae8 30. e4 Kh7 31. Rf4 Re5 32. a3 b4 33. axb4 Qxb4 34. b3
Qc5 35. Re2 Qc3 36. Rf3 Qc5 37. Rf4 Qc3 38. Qf3 Qxf3 39. gxf3 Rc8 40. Rf7 Rec5
41. Rxa7 Rxc2 42. Rxc2 Rxc2 43. Rd7 Rd2 44. b4 Kg6 45. Rd5 Kf6 46. h4 g6 47. b5
d3 48. Kf1 g5 49. h5 Ke6 50. b6 Rb2 51. Rxd3 Rxb6 52. Kf2 Ra6 53. Rb3 Kf6 54.
Kg3 Rc6 55. Rb7 Ra6 56. Kg4 Ke5 57. Re7+ Kf6 58. Rc7 Ke5 59. Kg3 Rb6 60. Rc5+
Kf6 61. Rf5+ Ke6 62. Rf8 Ke5 63. Rg8 Ra6 64. Rd8 Rb6 65. Kf2 Rb2+ 66. Kg3 Rb6
67. Rd5+ Kf6 68. Kf2 Rb2+ 69. Kg3 Rb6 70. Ra5 Rc6 71. Kg4 Rb6 72. Ra7 Ke5 73.
Ra8 Rc6 74. Re8+ Kf6 75. Rg8 Kf7 76. Rb8 Kf6 77. Rf8+ Ke5 78. Rg8 Rc1 79. Re8+
Kf6 80. e5+ Kf7 81. Rh8 Rc4+ 82. Kg3 Ke6 83. Rxh6+ Kxe5 84. Ra6 Rh4 85. h6 Kf5
86. Rb6 Rh1 87. Kg2 Rh4 88. Kf2 Rh3 89. Kg2 1/2-1/2

[Event "TCh-TUR Super League 2018"]
[Site "Ankara TUR"]
[Date "2018.07.25"]
[Round "1.5.2"]
[White "Haznedaroglu, Kivanc"]
[Black "Kanmazalp, Ogulcan"]
[Result "1/2-1/2"]
[WhiteTitle "GM"]
[BlackTitle "IM"]
[WhiteElo "2472"]
[BlackElo "2481"]
[WhiteTeam "BURSA BUYUKSEHIR BELEDIYESPOR KULUBU"]
[BlackTeam "KAHRAMANMARAS BUYUKSEHIR BELEDIYESI GENCLIK VE SPOR KULUBU DERNEGI"]
[WhiteFideId "6300634"]
[BlackFideId "6304990"]
[EventDate "2018.07.25"]

1. Nf3 Nf6 2. g3 g6 3. b3 Bg7 4. Bb2 d5 5. Bg2 c5 6. O-O O-O 7. e3 Nc6 8. d4
cxd4 9. exd4 Bf5 10. c3 Qc7 11. Nbd2 Rad8 12. Re1 Rfe8 13. Nf1 e5 14. dxe5 Nxe5
15. Nxe5 Rxe5 16. Ne3 Be4 17. f3 Bf5 18. Nxf5 Rxf5 19. Qe2 Qb6+ 20. Kh1 Ne4 21.
fxe4 Rf2 22. Qe3 Qxe3 23. Rxe3 d4 24. Rd3 Rxb2 25. e5 Bxe5 26. cxd4 b6 27. Rad1
Rxd4 28. Rxd4 Bxd4 29. Bd5 Bc5 30. Rf1 Rf2 31. Rxf2 Bxf2 32. Kg2 1/2-1/2

[Event "TCh-TUR Super League 2018"]
[Site "Ankara TUR"]
[Date "2018.07.25"]
[Round "1.6.1"]
[White "Inarkiev, Ernesto"]
[Black "Jakovenko, Dmitry"]
[Result "1-0"]
[WhiteTitle "GM"]
[BlackTitle "GM"]
[WhiteElo "2684"]
[BlackElo "2749"]
[WhiteTeam "DENIZ SU AQUAMATCH SATRANC GENCLIK VE SPOR KULUBU DERNEGI"]
[BlackTeam "HATAY BUYUKSEHIR BELEDIYESI GENCLIK SPOR KULUBU"]
[WhiteFideId "4162722"]
[BlackFideId "4122356"]
[EventDate "2018.07.25"]

1. d4 Nf6 2. c4 e6 3. Nc3 Bb4 4. Qc2 O-O 5. a3 Bxc3+ 6. Qxc3 d5 7. Nf3 dxc4 8.
Qxc4 b6 9. Bg5 Ba6 10. Qa4 Qd7 11. Qc2 c5 12. dxc5 Rc8 13. Bxf6 gxf6 14. Rd1 Qe7
15. e4 Bxf1 16. Kxf1 Qxc5 17. Qe2 Nc6 18. g3 Rd8 19. Kg2 Rxd1 20. Rxd1 Rd8 21.
b4 Qe7 22. Rc1 Qd6 23. Qa6 Ne5 24. Rc3 Nxf3 25. Rxf3 Qe7 26. Rf4 e5 27. Rf5 Rd4
28. Qe2 Qb7 29. Qg4+ Kf8 30. f3 Qa6 31. Qh4 Rd6 32. Qxh7 Qxa3 33. h4 a5 34. bxa5
bxa5 35. h5 Ke7 36. h6 Qb2+ 37. Kh3 Qb8 38. Qg7 Qf8 39. Rh5 Rd1 40. Kg4 Rd8 41.
Qxf8+ Rxf8 42. h7 Rh8 43. Kf5 a4 44. g4 a3 45. Rh2 1-0

[Event "TCh-TUR Super League 2018"]
[Site "Ankara TUR"]
[Date "2018.07.25"]
[Round "1.6.3"]
[White "Erdogdu, Mert"]
[Black "Solak, Dragan"]
[Result "0-1"]
[WhiteTitle "GM"]
[BlackTitle "GM"]
[WhiteElo "2411"]
[BlackElo "2603"]
[WhiteTeam "DENIZ SU AQUAMATCH SATRANC GENCLIK VE SPOR KULUBU DERNEGI"]
[BlackTeam "HATAY BUYUKSEHIR BELEDIYESI GENCLIK SPOR KULUBU"]
[WhiteFideId "6301495"]
[BlackFideId "916811"]
[EventDate "2018.07.25"]

1. d4 d5 2. c4 c6 3. Nf3 Nf6 4. Qc2 dxc4 5. e4 b5 6. b3 cxb3 7. axb3 e6 8. Bd2
a5 9. Bd3 Be7 10. O-O Bb7 11. Rc1 h6 12. Nc3 Na6 13. e5 Nd7 14. Be2 Nb4 15. Qe4
O-O 16. Na2 Qb6 17. Nxb4 Bxb4 18. Bd3 f5 19. exf6 Rxf6 20. Qh7+ Kf7 21. Be3 Qc7
22. Bxb5 c5 23. Be2 Rg6 24. Bd3 Rxg2+ 25. Kxg2 Nf8 26. Qe4 Bxe4 27. Bxe4 Rc8 28.
Ne5+ Kg8 29. Nd3 Nd7 30. Nxb4 axb4 31. dxc5 Nf6 32. Bf3 Nd5 33. Bd4 Qf4 34. Rc4
Rf8 35. Bxd5 exd5 36. Rxb4 Qf3+ 37. Kg1 Qg4+ 38. Kf1 Qh3+ 39. Ke2 Qg4+ 40. Kf1
Re8 41. Rba4 Qh3+ 42. Kg1 Re6 43. f3 Rg6+ 44. Kf2 Qg2+ 45. Ke3 Re6+ 46. Kd3
Qxf3+ 0-1

[Event "TCh-TUR Super League 2018"]
[Site "Ankara TUR"]
[Date "2018.07.25"]
[Round "1.6.4"]
[White "Esen, Baris"]
[Black "Yurtseven, Melih"]
[Result "1/2-1/2"]
[WhiteTitle "GM"]
[BlackTitle "IM"]
[WhiteElo "2487"]
[BlackElo "2404"]
[WhiteTeam "HATAY BUYUKSEHIR BELEDIYESI GENCLIK SPOR KULUBU"]
[BlackTeam "DENIZ SU AQUAMATCH SATRANC GENCLIK VE SPOR KULUBU DERNEGI"]
[WhiteFideId "6302114"]
[BlackFideId "6312160"]
[EventDate "2018.07.25"]

1. d4 d5 2. c4 e6 3. Nf3 c5 4. cxd5 exd5 5. Bg5 Nf6 6. Nc3 cxd4 7. Nxd4 Be7 8.
e3 O-O 9. Be2 Nc6 10. O-O Be6 11. Rc1 Rc8 12. Nxc6 bxc6 13. Na4 Qa5 14. a3 c5
15. Qc2 c4 16. Bf4 Nd7 17. Rfd1 Rfd8 18. Rd2 Bf6 19. Bd6 Ne5 20. Bb4 Qb5 21. Bc3
Qe8 22. Bd4 Nd3 23. Bxf6 Nxc1 24. Bxd8 Nb3 25. Rd1 Qxa4 26. Be7 Nc5 27. Rd2 Qxc2
28. Rxc2 Na4 29. Bd6 f6 30. Rd2 a5 31. Bd1 Nc5 32. Bxc5 1/2-1/2

[Event "TCh-TUR Super League 2018"]
[Site "Ankara TUR"]
[Date "2018.07.25"]
[Round "1.6.6"]
[White "Alekseenko, Kirill"]
[Black "Sari, Yasin"]
[Result "1-0"]
[WhiteTitle "GM"]
[BlackTitle "FM"]
[WhiteElo "2627"]
[BlackElo "2330"]
[WhiteTeam "HATAY BUYUKSEHIR BELEDIYESI GENCLIK SPOR KULUBU"]
[BlackTeam "DENIZ SU AQUAMATCH SATRANC GENCLIK VE SPOR KULUBU DERNEGI"]
[WhiteFideId "4135539"]
[BlackFideId "6320902"]
[EventDate "2018.07.25"]

1. e4 e5 2. Nf3 Nc6 3. Bb5 f5 4. Nc3 fxe4 5. Nxe4 Nf6 6. Qe2 d5 7. Nxf6+ gxf6 8.
d4 Bg7 9. dxe5 O-O 10. e6 Ne5 11. O-O Bxe6 12. Nd4 Bg4 13. f3 Bc8 14. f4 c6 15.
Ba4 Qb6 16. c3 Bg4 17. Qf2 Nc4 18. f5 Bh5 19. Qh4 Bf7 20. Rf3 c5 21. Ne2 Ne5 22.
Rg3 Kh8 23. Rh3 Bg8 24. Nf4 Qd6 25. Bd2 b5 26. Bc2 Rf7 27. Re1 1-0

[Event "TCh-TUR Super League 2018"]
[Site "Ankara TUR"]
[Date "2018.07.26"]
[Round "2.1.1"]
[White "Ali Marandi, Cemil Can"]
[Black "Inarkiev, Ernesto"]
[Result "1-0"]
[WhiteTitle "GM"]
[BlackTitle "GM"]
[WhiteElo "2540"]
[BlackElo "2684"]
[WhiteTeam "BURSA BUYUKSEHIR BELEDIYESPOR KULUBU"]
[BlackTeam "DENIZ SU AQUAMATCH SATRANC GENCLIK VE SPOR KULUBU DERNEGI"]
[WhiteFideId "6300529"]
[BlackFideId "4162722"]
[EventDate "2018.07.25"]

1. d4 Nf6 2. Bf4 e6 3. e3 c5 4. Nd2 Nc6 5. Ngf3 d5 6. c3 cxd4 7. exd4 Nh5 8. Be3
Bd6 9. Ne5 g6 10. Ndf3 f6 11. g4 Ng7 12. Nxc6 bxc6 13. h4 e5 14. h5 e4 15. hxg6
Bxg4 16. Rxh7 Rg8 17. Qa4 Rc8 18. Nd2 Nf5 19. Nxe4 Be7 20. Bf4 Qb6 21. Rxe7+
Kxe7 22. Qa3+ c5 23. Nxc5 Kd8 24. Kd2 Nh4 25. Bd3 Nxg6 26. Bxg6 Rxg6 27. Re1 Rg8
28. Nb7+ Kd7 29. Re7+ Kc6 30. Qa4+ 1-0

[Event "TCh-TUR Super League 2018"]
[Site "Ankara TUR"]
[Date "2018.07.26"]
[Round "2.1.2"]
[White "Kovalev, Vladislav"]
[Black "Haznedaroglu, Kivanc"]
[Result "1-0"]
[WhiteTitle "GM"]
[BlackTitle "GM"]
[WhiteElo "2655"]
[BlackElo "2472"]
[WhiteTeam "DENIZ SU AQUAMATCH SATRANC GENCLIK VE SPOR KULUBU DERNEGI"]
[BlackTeam "BURSA BUYUKSEHIR BELEDIYESPOR KULUBU"]
[WhiteFideId "13504398"]
[BlackFideId "6300634"]
[EventDate "2018.07.25"]

1. e4 c5 2. Nf3 Nc6 3. Bb5 e6 4. O-O Nge7 5. Re1 a6 6. Bf1 d5 7. exd5 Nxd5 8. d4
Nf6 9. Be3 cxd4 10. Nxd4 Nxd4 11. Qxd4 Be7 12. c4 Qxd4 13. Bxd4 Bd7 14. Nc3 Bc6
15. a3 O-O 16. b4 Rac8 17. h3 Rfd8 18. Bb6 Rd7 19. Rac1 Rd2 20. Be3 Rdd8 21. Bb6
Rd2 22. b5 Be8 23. Be3 Rdd8 24. a4 Bb4 25. Red1 Rxd1 26. Nxd1 Bc5 27. Rb1 Bxe3
28. Nxe3 a5 29. c5 Rxc5 30. Nc4 Nd5 31. Nxa5 b6 32. Nc4 Kf8 33. a5 Nc3 34. Rb3
Nxb5 35. axb6 Bc6 36. Rb4 Bb7 37. Na5 Nd6 38. Nxb7 Nxb7 39. Ba6 Rc1+ 40. Kh2 Nc5
41. Bc8 Rc2 42. f3 g5 43. b7 Nxb7 44. Bxb7 Kg7 45. Be4 Rc5 46. Rb7 h6 47. Kg3
Kg8 48. Bd3 Rd5 49. Bb5 Kf8 50. Rb8+ Ke7 51. Bc6 Rc5 52. Be4 h5 53. h4 f5 54.
Rb7+ Kf8 55. Bd3 f4+ 56. Kf2 g4 57. Bg6 e5 58. fxg4 hxg4 59. Bf5 g3+ 60. Kf3 Rc1
61. Kg4 Kg8 62. h5 1-0

[Event "TCh-TUR Super League 2018"]
[Site "Ankara TUR"]
[Date "2018.07.26"]
[Round "2.1.3"]
[White "Ozkan, Ervin"]
[Black "Erdogdu, Mert"]
[Result "0-1"]
[WhiteTitle "CM"]
[BlackTitle "GM"]
[WhiteElo "2171"]
[BlackElo "2411"]
[WhiteTeam "BURSA BUYUKSEHIR BELEDIYESPOR KULUBU"]
[BlackTeam "DENIZ SU AQUAMATCH SATRANC GENCLIK VE SPOR KULUBU DERNEGI"]
[WhiteFideId "6306004"]
[BlackFideId "6301495"]
[EventDate "2018.07.25"]

1. d4 Nf6 2. Nf3 g6 3. c4 Bg7 4. Nc3 O-O 5. Bg5 d6 6. e3 c5 7. d5 b5 8. cxb5 a6
9. bxa6 Nbd7 10. Be2 Qa5 11. O-O h6 12. Bh4 Bxa6 13. Re1 Rfb8 14. Qc2 g5 15. Bg3
Nh5 16. Rab1 Bxe2 17. Rxe2 Nb6 18. e4 Nc4 19. Nd2 Nxd2 20. Rxd2 Bxc3 21. bxc3
Qxc3 22. Rc1 Qxc2 23. Rdxc2 Rb4 24. f3 Rba4 25. Ra1 Nxg3 26. hxg3 h5 27. Kf2 Kg7
28. Re2 Kg6 29. Rb2 R8a7 30. Re2 Ra3 31. Rb2 R7a4 32. Re2 g4 33. f4 Rd4 34. Re3
Rd2+ 35. Re2 Rdd3 36. Rb1 Rxg3 37. Rb7 Rgc3 38. Rxe7 g3+ 39. Kf1 Rc1+ 40. Re1
Rc2 41. Re2 Rc1+ 42. Re1 Rxe1+ 43. Kxe1 Rxa2 44. e5 h4 45. Re8 Ra6 46. Rf8 Kg7
47. Rb8 h3 0-1